Les gestes de l'arbitre au rugby - Statistiques

Statistiques générales
  • Ce quiz a été pris 36 fois
  • Le résultat moyen est 6 sur 51
Statistiques - réponses
Hint Réponse % Correct
SANCTION L'arbitre montre un carton jaune Exclusion du joueur pendant 10 mn
48%
ACTION DE JEU Accroupi l'arbitre place ses deux mains parallèles près de l'en-but Le ballon n'a pas touché le sol
45%
JEU DELOYAL Main déplacée à l'horizontale devant le cou Plaquage haut
38%
ACTION DE JEU Bras tendu à l'horizontale vers l'équipe non fautive pendant 5 secondes Avantage à l'équipe désignée
34%
SANCTION Bras tendu, la main s'ouvre et se ferme pour imiter une personne qui parle Contestation d'une décision de l'arbitre sanctionnée d'une pénalité
34%
SANCTION L'arbitre montre un carton rouge Exclusion définitive du joueur
34%
SANCTION Bras levés en croix carton jaune dans la main L'assistance video a 10 minute pour transformer le carton jaune en rouge
34%
ACTION DE JEU L'arbitre dessine un rectangle dans l'air Demande d'avis des arbitres vidéo
31%
SANCTION Dos à la ligne d'en-but, bras levé à la verticale, il siffle fort Essai ou essai de pénalité accordé
28%
ACTION DE JEU Bras pointé vers le centre de la ligne des 22 mètres Renvoi aux 22 mètres accordé
28%
FAUTE Main à hauteur du sol, mouvement de balayage comme pour talonner à la main Talonnage à la main
24%
JEU DELOYAL Poing fermé tapant dans la paume ouverte Coup de poing
21%
FAUTE Deux mains à hauteur des épaules, paumes vers l'extérieur, l'arbitre fait mine de pousser devant lui Un joueur a poussé un adversaire pendant une touche
21%
FAUTE Deux points fermés à hauteur de la taille simulant le geste de soulever Un joueur en a soulevé un autre de manière irrégulière dans un alignement lors d'une touche
21%
FAUTE Mains à hauteur de la taille simulant une introduction Introduction fautive en mêlée
17%
SANCTION Face à la touche, il siffle tout en levant le bras vers le haut vers l'équipe non fautive Coup de pied de pénalité accordé
14%
MELEE Face à la ligne de touche, bras à l'horizontale tendu vers l'équipe qui aura l'introduction Mêlée ordonnée
14%
ACTION DE JEU Bras tendu pour accorder une mêlée à l'équipe qui n'était pas en possession du ballon au début du maul. L'autre bras est tendu vers l'extérieur puis plié pour toucher l'épaule opposée avec la main Pour débloquer le jeu quand un ballon devient injouable après un maul
14%
ACTION DE JEU Un bras levé en l'air et l'autre tendu index tendu désignant un point Demande de choix entre un coup de pied de pénalité ou une mêlée
10%
SOINS Deux bras levés parallèles au-dessus de la tête Demande d'un médecin
10%
SOINS Un bras levé main ouverte et un coup de sifflet Demande d'un soigneur
10%
FAUTE Bras replié; l'autre main fait un mouvement de va-et-vient le long du 1er bras Liaison incorrecte pendant une mêlée
10%
SOINS Bras levé pointant le dessus de la tête Soupçons de commotion
10%
SANCTION Face à la touche, il siffle tout en repliant le bras à angle droit vers l'équipe non fautive Coup de pied franc accordé
7%
FAUTE Les deux bras à hauteur des épaules, puis abaissement du buste et torsion de celui-ci pour simuler un tirage Effondrement volontaire d'un ruck ou d'un maul
7%
FAUTE Deux mains ouvertes doigts écartés au-dessus de la tête Hors-jeu à moins de 10 mètres, ou non respect des 10 mètres lors d'une pénalité ou d'un coup de pied franc
7%
FAUTE Rotation de l'index à hauteur de la tête La mêlée a tourné de plus de 90°
7%
FAUTE Bras parallèles, mains ouvertes, il faut le geste de passer un ballon vers l'avant Passe en avant
7%
FAUTE L'arbitre lève le pied et le touche Pied levé d'un joueur de 1er ligne
7%
FAUTE Le bras plonge vers le sol, les jambes sont décalées et légèrement pliées Un joueur a plongé près d'un plaquage
7%
FAUTE Bras horizontal, plie au coude, paume vers le bas, mouvement de haut en bas Appui fautif sur un joueur de l'alignement lors d'une touche
3%
SOINS Bras à la verticale et long sifflement Arrêt ou reprise du chronomètre
3%
FAUTE Une main tendue au-dessus de la tête fait un mouvement de va-et-vient En-avant
3%
MELEE Coudes pliés, mains au-dessus de la tête, doigts se touchant Formation de la mêlée ordonnée
3%
FAUTE Bras et mains à l'horizontale avec un mouvement latéral du bras Joueurs se joignent au maul ou au ruck en avant du dernier pied ou sur le côté
3%
FAUTE Les deux mains repliées face à la poitrine, poings serrés Le ballon n'a pas été libéré assez vite
3%
FAUTE Les deux bras se joignent et se disjoignent mains partiellement fermées Le plaqueur n'a pas lâché le plaqué
3%
FAUTE Poing fermé, bras plié, mouvement vers le sol Pilier mettant un adversaire au sol
3%
SOINS Bras en croix au-dessus de la tête Un jour saigne et doit être remplacé
3%
FAUTE Bras et mains bougent à l'horizontale sur la poitrine vers l'équipe fautive Hors-jeu lors d'un alignement en touche
0%
FAUTE Epaules face à la ligne de touche, bras tendu, doigts vers le bas, la main fait un cercle. Hors-jeu lors d'un ruck ou d'un maul
0%
JEU DELOYAL L'arbitre fait mine de piétiner Jeu au pied irrégulier
0%
FAUTE Epaules face à la touche, main au-dessus de la tête Lancer non droit lors d'une touche
0%
FAUTE Bras tendu à l'horizontale, main vers le bas, mouvement de balayage en demi-cercle Le plaqueur est arrivé du mauvais côté
0%
FAUTE Epaules face à la touche, les deux mains à hauteur des yeux pointées vers le haut, paumes à l'intérieur, les mains se resserrant l'une vers l'autre Non respect du couloir lors d'une touche
0%
FAUTE Bras en croix devant la poitrine comme des ciseaux Obstruction
0%
FAUTE Epaules face à la touche, bras replié à l'horizontale, coude vers l'extérieur, mouvement parallèle au sol Obstruction dans l'alignement lors d'une touche
0%
FAUTE Poing fermé, bras plié, mouvement parallèle au sol Pilier tirant un adversaire
0%
FAUTE Tout en dépliant le bras, l'arbitre fait un mouvement circulaire avec un doigt Plaqueur et plaqué ne se sont pas écartés assez vite
0%
ACTION DE JEU Epaules parallèles à la ligne de touche, bras tendu vers l'équipe qui introduira la mêlée et mouvement de balayage avant-arrière vers le ligne d'en-but de l'adversaire Pour débloquer le jeu, quand le ballon est devenu injouable suite à un plaquage
0%
FAUTE Le bras plonge vers le sol, jambes tendues Un joueur est tombé intentionnellement sur un autre
0%
Aucun quiz correspondant
Distribution des résultats
% des personnes avec chaque résultat
Percentile par nombre de réponses
Votre historique - résultats
Vous n’avez pas pris ce quiz